00526nam a2200193 a 4500001001300000003000900013005001700022008004100039020001000080082002100090100001600111245003600127260005900163300000900222500003500231505003300266650001700299700001600316nice12345678IN_TiNIC20260116011315.0050524s1965 bana grp 000 0 eng  ac10000a306.0899145bTHO aThomas, M M aTribal Awakeningb Group Study. aBangalorebChristian Instt.For Study of Religionc1965 a237p aincludes index and biblioraphy2 aSocial Concerns Series No.11 aTribes-India1 aThomas, M M